00313pab a2200121 454500008004000000100002000040245004000060260000900100300001300109362000800122650002500130773003600155180718b2000 xxu||||| |||| 00| 0 eng d aMarcic, Dorothy aGod, faith and management education c2000 ap.628-49 aOct aManagement education aJournal of Management Education